Norwich City (2010–2019) Players By Picture #5 - Statistics

General Stats
  • This quiz has been taken 11 times
  • The average score is 13 of 20
Answer Stats
Picture Answer % Correct
Jacob Murphy
100%
Todd Cantwell
100%
Angus Gunn
90%
Gary O'Neil
90%
Mario Vrančić
90%
Jonny Howson
80%
Martin Olsson
80%
Ricky van Wolfswinkel
80%
Ralf Fährmann
70%
Steven Whittaker
70%
Matt Jarvis
60%
Nélson Oliveira
60%
Sergi Canós
60%
Steve Morison
60%
Chris Martin
50%
Daniel Ayala
50%
Louis Thompson
40%
Mark Bunn
30%
David Fox
20%
Anthony McNamee
10%
No matching quizzes found
Score Distribution
Percent of People with Each Score
Percentile by Number Answered
Your Score History
You have not taken this quiz